| 000 | 00407nam a22001457a 4500 | ||
|---|---|---|---|
| 003 | macl | ||
| 005 | 20171025130316.0 | ||
| 008 | 171025b xxu||||| |||| 00| 0 eng d | ||
| 040 | _cmacl | ||
| 100 |
_aGrover, Amrita _969332 |
||
| 245 | _aLand Rights, Landed Hierarchy and Village Community During The Mughal Age | ||
| 260 |
_aDelhi _bOriginals _c2005 |
||
| 650 |
_aIndian history _9227 |
||
| 942 |
_2ddc _cBK |
||
| 999 |
_c57095 _d57095 |
||